| 000 | 00618nam a2200217 a 4500 | ||
|---|---|---|---|
| 001 | 75362 | ||
| 003 | BD-RjUL | ||
| 005 | 20211209082658.0 | ||
| 008 | 190324s1961 n a|||| i||| 00| 0 eng d | ||
| 035 | _a(BD-RjUL)75580 | ||
| 040 |
_aBD-RjUL _beng _cBD-RjUL |
||
| 041 | _aeng | ||
| 082 |
_223 _a547 _bENL 1961 |
||
| 100 | _4English, James | ||
| 245 |
_aLaboratory manual to accompany principles of organic chemistry / _cJames English |
||
| 250 | _a3rd ed. | ||
| 260 |
_aNewYork ; London : _bMcGraw-Hill book , _c1961 |
||
| 300 |
_a222 p. : _bill. ; _c22 cm |
||
| 650 |
_aChemistry, Organic _9229571 |
||
| 942 |
_2ddc _cBK |
||
| 999 |
_c75362 _d75362 |
||